Instructor’s manual to accompany physics (Record no. 31178)

MARC details
000 -LEADER
fixed length control field 00427nam a2200181Ia 4500
020 ## - INTERNATIONAL STANDARD BOOK NUMBER
ISBN 314-97155-6
050 ## - CALL MARK
Classification number QC 21.2 .S625/
100 ## - STATEMENT OF RESPONSIBILITY--MAIN AUTHOR NAME
Personal name Snow, Theodore P.
245 #0 - TITLE STATEMENT
Title Instructor’s manual to accompany physics
260 ## - PUBLICATION, DISTRIBUTION, ETC. (IMPRINT)
Place of publication St. Paul
260 ## - PUBLICATION, DISTRIBUTION, ETC. (IMPRINT)
Name of publisher West Pub.
260 ## - PUBLICATION, DISTRIBUTION, ETC. (IMPRINT)
Year of publication 1986
300 ## - PHYSICAL DESCRIPTION
Number of Pages 292 p
650 ## - SUBJECT ADDED ENTRY--TOPICAL TERM
Topical Term physics
942 ## - ADDED ENTRY ELEMENTS (KOHA)
Koha item type Books
Holdings
Withdrawn status Lost status Source of classification or shelving scheme Damaged status Not for loan Permanent Location Current Location Date acquired Accession Number Price effective from Koha item type
    Library of Congress Classification     NILE UNIVERSITY OF NIGERIA - MAIN LIBRARY NILE UNIVERSITY OF NIGERIA - MAIN LIBRARY 04/23/2025 0001351 04/23/2025 Books